000 00752nas a2200265 i 4500
001 33
003 ES-MaACL
005 20250731030149.0
007 t|
008 950801c1929 sp m| | 1 ||pa d
080 _a(460)
080 _a63
245 0 0 _aAgricultura
_b: revista agropecuaria.
260 _aMadrid :
_bEditorial Agrícola Española,
_c1929-
300 _a35 v. ;
_c31 cm.
310 _aMensual
362 0 _aNº 1 (1929)-
500 _aNo se publicó en 1937-39.
525 _aLos suplementos van encuadernados con la revista.
650 1 7 _aAgricultura
_2embne
_99670
852 _aES-MaACL
_935
_jHEM-D-42
_dOlim: Hem-1241
866 0 _o1933-1935(1936)1943-1959(1960-1961)1963-1966.
942 _2udc
999 _c33
_d33